000
00284nam a22001217a 4500
008
190313b xxu||||| |||| 00| 0 eng d
041
_a
eng
080
_a
043.3
100
_a
0
101
_a
ARK-MTH
245
_a
Objekt Edukativ- Bibliotekë Universitare
_c
Nikqi,N
942
_2
udc
_c
BK
999
_c
54734
_d
54734